[Event "NOR-chT 1718"]
[Site "Norway"]
[Date "2018.01.13"]
[Round "5.5"]
[White "Gausel, Einar"]
[Black "Aulin Jansson, Joran"]
[Result "0-1"]
[WhiteElo "2479"]
[BlackElo "2270"]
[PlyCount "79"]
[EventDate "2017.11.03"]
[EventType "team-tourn"]
[EventRounds "9"]
[EventCountry "NOR"]
[SourceTitle "EXT 2019"]
[Source "ChessBase"]
[SourceDate "2018.10.10"]
[SourceVersion "1"]
[SourceVersionDate "2018.10.10"]
[SourceQuality "1"]
[WhiteTeam "OSS"]
[BlackTeam "Asker"]
[WhiteTeamCountry "NOR"]
[BlackTeamCountry "NOR"]

1. d4 Nf6 2. Nf3 c5 3. d5 e6 4. c4 b5 5. dxe6 fxe6 6. cxb5 d5 7. g3 Bd6 8. Bg2 Bb7 9. 0-0 0-0 10. Nbd2 Nbd7 11. e4 d4 12. Qb3 Qe7 13. Re1 Bc7 14. Ng5 Rfe8 15. Nc4 h6 16. Nh3 Qf7 17. f3 Rab8 18. e5 Nd5 19. f4 N7b6 20. Na5 Ba8 21. Bd2 Nc8 22. a4 a6 23. Qd3 axb5 24. axb5 Qd7 25. Nc6 Bxc6 26. bxc6 Qxc6 27. Ra6 Bb6 28. Rc1 Qd7 29. Nf2 Nce7 30. Ne4 Nf5 31. Nxc5 Bxc5 32. Rxc5 Nde3 33. Bxe3 Nxe3 34. Bc6 Qe7 35. Qxd4 Nf5 36. Qc3 Rb3 37. Qxb3 Qxc5+ 38. Kg2 Ne3+ 39. Kf3 Nc4 40. Qc3 0-1

[Event "NOR-chT 1617"]
[Site "Norway"]
[Date "2016.10.28"]
[Round "1.1"]
[White "Gausel, Einar"]
[Black "Haubro, Martin"]
[Result "1-0"]
[WhiteElo "2475"]
[BlackElo "2366"]
[PlyCount "149"]
[EventDate "2016.10.28"]
[EventType "team-tourn"]
[EventRounds "9"]
[EventCountry "NOR"]
[SourceTitle "EXT 2018"]
[Source "ChessBase"]
[SourceDate "2017.10.13"]
[SourceVersion "1"]
[SourceVersionDate "2017.10.13"]
[SourceQuality "1"]
[WhiteTeam "OSS"]
[BlackTeam "Asker"]
[WhiteTeamCountry "NOR"]
[BlackTeamCountry "NOR"]

1. d4 Nf6 2. Nf3 e6 3. e3 b6 4. Bd3 Bb7 5. 0-0 c5 6. c4 Be7 7. Nc3 d5 8. cxd5 exd5 9. b3 0-0 10. Bb2 Nbd7 11. Rc1 Re8 12. Ne5 Nxe5 13. dxe5 Ne4 14. Ne2 Bf8 15. f3 Ng5 16. Qc2 g6 17. f4 Ne4 18. Bxe4 dxe4 19. Rcd1 Qc8 20. Ng3 Qc6 21. f5 Bh6 22. e6 Bxe3+ 23. Kh1 f6 24. fxg6 Rxe6 25. gxh7+ Kh8 26. Nf5 Bd4 27. Nxd4 cxd4 28. Qe2 d3 29. Qe3 Rf8 30. Rd2 Kxh7 31. Qh3+ Kg7 32. Qg4+ Kf7 33. Qh5+ Ke7 34. Ba3+ Rd6 35. Rc1 Qd7 36. Qh4 Kd8 37. Qf4 e3 38. Qxe3 Re8 39. Qg3 Rd5 40. Qb8+ Bc8 41. Bb2 Re6 42. h3 Red6 43. Rf1 f5 44. Ba3 Re6 45. Qg3 Bb7 46. Rc1 Bc6 47. Qb8+ Qc8 48. Qxa7 Qb7 49. Qxb7 Bxb7 50. Rcd1 Ba6 51. Kg1 Ke8 52. Kf2 Kf7 53. Re1 Rde5 54. Rxe5 Rxe5 55. Bb2 Re6 56. Bd4 Kg6 57. Be3 Rd6 58. Rd1 Bb7 59. Kg3 Be4 60. Kf4 Rc6 61. g4 Rc2 62. Rd2 Rc1 63. Ke5 Re1 64. Kd4 Rh1 65. Ke5 Re1 66. Bxb6 Bg2+ 67. Kf4 Bxh3 68. Rxd3 fxg4 69. a4 Kf6 70. a5 Rf1+ 71. Kg3 Ke6 72. a6 Ra1 73. a7 Ra3 74. Bc5 Ra2 75. Rd2 1-0

[Event "NOR-chT 1516"]
[Site "Norway"]
[Date "2016.03.05"]
[Round "8.2"]
[White "Gausel, Einar"]
[Black "Romsdal, Trond"]
[Result "1-0"]
[WhiteElo "2479"]
[BlackElo "2174"]
[PlyCount "27"]
[EventDate "2015.10.30"]
[EventType "team-tourn"]
[EventRounds "9"]
[EventCountry "NOR"]
[SourceTitle "EXT 2017"]
[Source "ChessBase"]
[SourceDate "2016.10.25"]
[SourceVersion "1"]
[SourceVersionDate "2016.10.25"]
[SourceQuality "1"]
[WhiteTeam "OSS"]
[BlackTeam "Tromsoe"]
[WhiteTeamCountry "NOR"]
[BlackTeamCountry "NOR"]

1. d4 d5 2. Bf4 Nf6 3. e3 e6 4. Nf3 Be7 5. Nbd2 0-0 6. Bd3 b6 7. Ne5 c5 8. c3 Bb7 9. Qf3 Nbd7 10. Qh3 Re8 11. Ndf3 g6 12. Nxf7 Kxf7 13. Ng5+ Kg8 14. Qxe6+ 1-0

[Event "NOR-ch"]
[Site "Oslo"]
[Date "2015.07.07"]
[Round "5"]
[White "Djurhuus, Rune"]
[Black "Gausel, Einar"]
[Result "1/2-1/2"]
[WhiteElo "2422"]
[BlackElo "2485"]
[PlyCount "150"]
[EventDate "2015.07.04"]
[EventType "swiss"]
[EventRounds "9"]
[EventCountry "NOR"]
[SourceTitle "CBM 167 Extra"]
[Source "ChessBase"]
[SourceDate "2015.09.14"]
[SourceVersion "1"]
[SourceVersionDate "2015.09.14"]
[SourceQuality "1"]

1. e4 e5 2. Nf3 Nc6 3. Bb5 a6 4. Ba4 Nf6 5. 0-0 Be7 6. d3 b5 7. Bb3 d6 8. c3 0-0 9. Re1 Na5 10. Bc2 c5 11. Nbd2 Re8 12. Nf1 Bf8 13. Bg5 h6 14. Bh4 g6 15. d4 cxd4 16. cxd4 exd4 17. Nxd4 Bg7 18. f3 Bb7 19. a4 Nc4 20. b3 Ne5 21. axb5 axb5 22. Rxa8 Bxa8 23. Qd2 Qb8 24. Qb4 Nc6 25. Nxc6 Bxc6 26. Bg3 Qb6+ 27. Bf2 Qb8 28. Bd4 Re6 29. Qc3 Qe8 30. b4 Bb7 31. Ra1 d5 32. e5 Nh5 33. Qc7 Qc6 34. Qxc6 Bxc6 35. Ra6 Be8 36. Rxe6 fxe6 37. g3 Bf8 38. Bc5 Bxc5+ 39. bxc5 Kf8 40. Nd2 b4 41. Kf2 g5 42. Ke3 Ke7 43. f4 gxf4+ 44. gxf4 Ng7 45. Nf3 Kd8 46. Nd4 Kc7 47. Bd1 Bg6 48. Kd2 Be4 49. Be2 Nf5 50. Nxe6+ Kd7 51. Nf8+ Kc6 52. Ne6 Kd7 53. Nf8+ Kc6 54. Bg4 Kxc5 55. Ne6+ Kc4 56. Bxf5 Bxf5 57. Ng7 Be4 58. e6 b3 59. e7 b2 60. e8Q b1Q 61. Qc6+ Kb4 62. Qb6+ Kc4 63. Qxb1 Bxb1 64. f5 Kc5 65. f6 Bg6 66. Nf5 d4 67. Nxh6 Kd6 68. f7 Ke7 69. Ng4 Kxf7 70. Ne5+ Kf6 71. Nxg6 Kxg6 72. Kd3 Kh5 73. Kxd4 Kh4 74. Ke3 Kh3 75. Ke2 Kxh2 1/2-1/2

[Event "NOR-ch"]
[Site "Oslo"]
[Date "2015.07.06"]
[Round "3"]
[White "Holm, Kristian Stuvik"]
[Black "Gausel, Einar"]
[Result "1/2-1/2"]
[WhiteElo "2398"]
[BlackElo "2485"]
[PlyCount "89"]
[EventDate "2015.07.04"]
[EventType "swiss"]
[EventRounds "9"]
[EventCountry "NOR"]
[SourceTitle "CBM 167 Extra"]
[Source "ChessBase"]
[SourceDate "2015.09.14"]
[SourceVersion "1"]
[SourceVersionDate "2015.09.14"]
[SourceQuality "1"]

1. Nf3 d5 2. d4 c6 3. c4 e6 4. Bg5 Nf6 5. Nc3 h6 6. Bxf6 Qxf6 7. e3 Nd7 8. Bd3 dxc4 9. Bxc4 g6 10. 0-0 Bg7 11. Rc1 0-0 12. e4 Rd8 13. e5 Qe7 14. Qe2 b6 15. Rfe1 a5 16. Ne4 c5 17. Bb5 Bb7 18. Bxd7 Rxd7 19. dxc5 bxc5 20. Rxc5 Bd5 21. a3 Rb7 22. Nd6 Rb3 23. Nd4 Rb6 24. Rc8+ Rxc8 25. Nxc8 Qg5 26. f4 Qxf4 27. Nxb6 Qxd4+ 28. Qe3 Qxb2 29. Nxd5 exd5 30. Kh1 d4 31. Qe4 Qxa3 32. Qxd4 Qb4 33. Qxb4 axb4 34. Rb1 Bxe5 35. Rxb4 h5 36. Kg1 Kg7 37. Rb5 Bd6 38. h3 Bg3 39. Kf1 f6 40. Ke2 h4 41. Kd3 g5 42. Ke4 Kg6 43. Rb6 Be5 44. Ra6 Bf4 45. Rc6 1/2-1/2

[Event "NOR-ch"]
[Site "Trondheim"]
[Date "2014.07.14"]
[Round "4"]
[White "Gausel, Einar"]
[Black "Hauge, Lars Oskar"]
[Result "1/2-1/2"]
[WhiteElo "2504"]
[BlackElo "2313"]
[PlyCount "146"]
[EventDate "2014.07.12"]
[EventType "swiss"]
[EventRounds "9"]
[EventCountry "NOR"]
[SourceTitle "EXT 2015"]
[Source "ChessBase"]
[SourceDate "2014.11.20"]
[SourceVersion "1"]
[SourceVersionDate "2014.11.20"]
[SourceQuality "1"]

1. d4 Nf6 2. Nf3 d5 3. c4 dxc4 4. e3 b5 5. a4 b4 6. Bxc4 e6 7. 0-0 Be7 8. Qe2 Bb7 9. Nbd2 0-0 10. e4 c5 11. e5 Nd5 12. dxc5 Nd7 13. Nb3 Nxc5 14. Nxc5 Bxc5 15. Bd3 f5 16. exf6 Nxf6 17. Bg5 Qe8 18. Ne5 Bd4 19. Rad1 Rd8 20. Bb5 Qe7 21. Nc6 Bxc6 22. Bxc6 e5 23. Kh1 Rd6 24. Bb5 Kh8 25. Bc4 Qe8 26. b3 Qg6 27. Be3 Nh5 28. g3 Nf6 29. Bxd4 exd4 30. Bd3 Qf7 31. Qe5 Rdd8 32. Bc4 Qd7 33. Kg1 Qh3 34. Be6 Ng4 35. Bxg4 Qxg4 36. Rd3 Rfe8 37. Qa5 Rd6 38. Qxb4 Red8 39. Re1 Qg6 40. Qd2 h6 41. b4 Qf5 42. b5 Rd5 43. Rd1 Qe5 44. h4 R8d7 45. Re1 Qf5 46. Re8+ Kh7 47. Qe2 Rc7 48. g4 Qg6 49. h5 Rxh5 50. Qe4 Rg5 51. Qxg6+ Rxg6 52. Rxd4 h5 53. Ree4 a6 54. bxa6 hxg4 55. Rxg4 Rxa6 56. Rdf4 Ra5 57. Kg2 Rca7 58. Kf1 Rc5 59. Rc4 Rf5 60. Rgf4 Re5 61. Rfe4 Rf5 62. Ke2 g5 63. f4 gxf4 64. Rxf4 Rd5 65. Ke3 Kg7 66. Rc2 Re7+ 67. Re4 Rxe4+ 68. Kxe4 Ra5 69. Ra2 Kf6 70. Kd4 Ke6 71. Kc4 Kd6 72. Kb4 Ra8 73. Rc2 Ke5 1/2-1/2

[Event "NOR-chT 1314"]
[Site "Norway"]
[Date "2014.01.12"]
[Round "6.4"]
[White "Gausel, Einar"]
[Black "Sahl, Bjarke"]
[Result "1-0"]
[WhiteElo "2501"]
[BlackElo "2374"]
[PlyCount "77"]
[EventDate "2013.11.01"]
[EventType "team-tourn"]
[EventRounds "9"]
[EventCountry "NOR"]
[SourceTitle "EXT 2015"]
[Source "ChessBase"]
[SourceDate "2014.11.20"]
[SourceVersion "1"]
[SourceVersionDate "2014.11.20"]
[SourceQuality "1"]
[WhiteTeam "OSS"]
[BlackTeam "Asker"]
[WhiteTeamCountry "NOR"]
[BlackTeamCountry "NOR"]

1. d4 Nf6 2. Nf3 e6 3. c4 d5 4. Nc3 Be7 5. Bg5 0-0 6. e3 h6 7. Bh4 b6 8. Bd3 Bb7 9. Bxf6 Bxf6 10. cxd5 exd5 11. 0-0 Re8 12. Rc1 a6 13. Qb3 Ra7 14. Rfd1 Qd6 15. Bb1 Nd7 16. a3 Nf8 17. Ba2 c5 18. Nxd5 cxd4 19. Nxf6+ Qxf6 20. Nxd4 Ba8 21. f3 Ng6 22. e4 Nf4 23. Qc2 Qg5 24. g3 Nh3+ 25. Kg2 Qh5 26. Nf5 Ng5 27. Qc3 Ne6 28. h4 Qg6 29. Rd6 Rb7 30. Qe5 Kh7 31. Kf2 f6 32. Rxe6 fxe5 33. Rxg6 Kxg6 34. Nd6 Ree7 35. Nxb7 Bxb7 36. Rd1 b5 37. Rd6+ Kh7 38. Bd5 Bc8 39. h5 1-0

[Event "NOR-chT 1213"]
[Site "Norway"]
[Date "2012.11.02"]
[Round "5"]
[White "Gausel, Einar"]
[Black "Gamback, Bjorn"]
[Result "1-0"]
[WhiteElo "2500"]
[BlackElo "2163"]
[PlyCount "77"]
[EventDate "2012.11.02"]
[EventType "team-tourn"]
[EventRounds "9"]
[EventCountry "NOR"]
[SourceTitle "EXT 2014"]
[Source "ChessBase"]
[SourceDate "2013.11.20"]
[SourceVersion "1"]
[SourceVersionDate "2013.11.20"]
[SourceQuality "1"]
[WhiteTeam "OSS"]
[BlackTeam "Trondheim"]
[WhiteTeamCountry "NOR"]
[BlackTeamCountry "NOR"]

1. Nf3 c5 2. g3 d5 3. Bg2 Nc6 4. 0-0 Nf6 5. c4 d4 6. d3 e5 7. e3 Be7 8. exd4 exd4 9. Bg5 0-0 10. Nbd2 Bf5 11. Bxf6 Bxf6 12. Ne1 Qd7 13. Qb3 Rfe8 14. Ne4 Be7 15. f4 Rac8 16. a3 Bf8 17. Qb5 a6 18. Qb6 Nb8 19. Nf2 Nc6 20. Ne4 Nb8 21. Nf2 Nc6 22. b4 cxb4 23. axb4 Nxb4 24. Qxb7 Rc7 25. Qf3 Qc8 26. Qd1 Bd7 27. Nf3 Nc6 28. Qb3 a5 29. Qb5 g6 30. Ne4 Qd8 31. Qb6 Bg7 32. Nd6 Re3 33. Ng5 Qb8 34. c5 Qa7 35. Ngxf7 Rxd3 36. Ng5 a4 37. Rxa4 Qxa4 38. Qxc7 Qa5 39. Qxd7 1-0

[Event "SWE-chT 0708"]
[Site "Sweden"]
[Date "2007.10.20"]
[Round "2"]
[White "Akesson, Ralf"]
[Black "Gausel, Einar"]
[Result "1-0"]
[WhiteElo "2530"]
[BlackElo "2582"]
[PlyCount "83"]
[EventDate "2007.10.19"]
[EventType "team-tourn"]
[EventRounds "11"]
[EventCountry "SWE"]
[SourceTitle "EXT 2009"]
[Source "ChessBase"]
[SourceDate "2008.11.26"]
[SourceVersion "1"]
[SourceVersionDate "2008.11.26"]
[SourceQuality "1"]
[WhiteTeam "Vasteras"]
[BlackTeam "Skara"]
[WhiteTeamCountry "SWE"]
[BlackTeamCountry "SWE"]

1. d4 Nf6 2. c4 c5 3. d5 e5 4. Nc3 d6 5. e4 Be7 6. Bd3 Nbd7 7. Nf3 a6 8. h3 h5 9. Be3 h4 10. a3 Nf8 11. b4 b6 12. Qd2 Ng6 13. Rb1 Nh5 14. Ne2 Bd7 15. Rb3 0-0 16. g4 hxg3 17. fxg3 f5 18. exf5 Bxf5 19. Qc2 Bxd3 20. Qxd3 Nh8 21. 0-0 Qd7 22. g4 Nf6 23. Ng5 e4 24. Nxe4 Nxg4 25. hxg4 Qxg4+ 26. N4g3 Rxf1+ 27. Kxf1 Rf8+ 28. Bf2 Bh4 29. bxc5 bxc5 30. Ke1 Bxg3 31. Nxg3 Ng6 32. Qe2 Qg5 33. Rf3 Nf4 34. Qe4 Qg4 35. Kf1 Rf7 36. Qe8+ Rf8 37. Qe4 Rf7 38. Ke1 g5 39. Kd2 Qd7 40. Re3 Qg4 41. Ne2 Kf8 42. Bg3 1-0

[Event "NOR-ch"]
[Site "Hamar"]
[Date "2007.07.14"]
[Round "9"]
[White "Gausel, Einar"]
[Black "Hansen, Torbjorn Ringdal"]
[Result "0-1"]
[WhiteElo "2529"]
[BlackElo "2336"]
[PlyCount "102"]
[EventDate "2007.07.07"]
[EventType "swiss"]
[EventRounds "9"]
[EventCountry "NOR"]
[SourceTitle "CBM 119 Extra"]
[Source "ChessBase"]
[SourceDate "2007.09.04"]
[SourceVersion "1"]
[SourceVersionDate "2007.09.04"]
[SourceQuality "1"]

1. c4 Nf6 2. Nc3 e6 3. Nf3 c5 4. e3 d5 5. d4 Nc6 6. a3 Ne4 7. Bd2 cxd4 8. exd4 Be7 9. Bd3 Nxd2 10. Qxd2 Bf6 11. cxd5 exd5 12. 0-0 0-0 13. h3 Be6 14. Rad1 Qd6 15. Rfe1 Rfe8 16. Bb1 Rad8 17. Ba2 Rc8 18. Re2 Red8 19. Rde1 g6 20. Ne5 Qf8 21. f4 Nxe5 22. fxe5 Bh4 23. Rf1 Qe7 24. Qd3 a6 25. Re3 b5 26. Ref3 Qa7 27. Kh1 b4 28. axb4 Rb8 29. b5 axb5 30. Bb3 b4 31. Na4 Be7 32. Qe3 Bf8 33. Rf6 Rbc8 34. h4 Rc4 35. Bxc4 dxc4 36. Nc5 Bxc5 37. dxc5 Rc8 38. h5 Qxc5 39. Qf4 Qe7 40. Qg5 Qd7 41. h6 c3 42. bxc3 bxc3 43. R6f2 f5 44. exf6 Kf7 45. Qa5 Rc4 46. Kg1 c2 47. Qa3 Qc7 48. Rc1 Bf5 49. Kf1 Rh4 50. Rfxc2 Bxc2 51. Rxc2 Rh1+ 0-1

[Event "NOR-ch"]
[Site "Hamar"]
[Date "2007.07.10"]
[Round "5"]
[White "Ostenstad, Berge"]
[Black "Gausel, Einar"]
[Result "1-0"]
[WhiteElo "2491"]
[BlackElo "2529"]
[PlyCount "79"]
[EventDate "2007.07.07"]
[EventType "swiss"]
[EventRounds "9"]
[EventCountry "NOR"]
[SourceTitle "CBM 119 Extra"]
[Source "ChessBase"]
[SourceDate "2007.09.04"]
[SourceVersion "1"]
[SourceVersionDate "2007.09.04"]
[SourceQuality "1"]

1. c4 g6 2. d4 Bg7 3. e4 d6 4. Nc3 c5 5. d5 e6 6. Bd3 Nf6 7. h3 0-0 8. Nf3 Na6 9. 0-0 Nc7 10. Re1 h6 11. Rb1 Re8 12. a3 b6 13. Bf4 Nh5 14. Bd2 e5 15. Bc2 Nf4 16. Ba4 Bd7 17. Bxd7 Qxd7 18. b4 Rab8 19. bxc5 bxc5 20. Qc2 Na8 21. Rxb8 Rxb8 22. Rb1 Rxb1+ 23. Qxb1 Nb6 24. Qb3 f5 25. Bxf4 exf4 26. exf5 Bxc3 27. Qxc3 Qxf5 28. Nd2 Nd7 29. Qa5 Ne5 30. Qxa7 f3 31. Qb8+ Kg7 32. Qxd6 fxg2 33. Qe7+ Kh8 34. Kxg2 Nd3 35. Qe8+ Kg7 36. Qe7+ Kh8 37. Qe3 Nf4+ 38. Kh2 g5 39. Ne4 h5 40. Nd6 1-0

[Event "NOR-ch"]
[Site "Hamar"]
[Date "2007.07.09"]
[Round "3"]
[White "Elsness, Frode"]
[Black "Gausel, Einar"]
[Result "0-1"]
[WhiteElo "2442"]
[BlackElo "2529"]
[PlyCount "82"]
[EventDate "2007.07.07"]
[EventType "swiss"]
[EventRounds "9"]
[EventCountry "NOR"]
[SourceTitle "CBM 119 Extra"]
[Source "ChessBase"]
[SourceDate "2007.09.04"]
[SourceVersion "1"]
[SourceVersionDate "2007.09.04"]
[SourceQuality "1"]

1. d4 Nf6 2. c4 c5 3. d5 e5 4. Nc3 d6 5. e4 Be7 6. g3 0-0 7. Bg2 Nbd7 8. Nge2 a6 9. 0-0 Rb8 10. a4 b6 11. h3 Ne8 12. Qd3 h5 13. f4 h4 14. f5 hxg3 15. Qxg3 Ndf6 16. Bf3 Nh7 17. Kh1 Bg5 18. Rg1 Bxc1 19. Nxc1 Qf6 20. Nd3 Qh6 21. Rg2 Kh8 22. Be2 Rg8 23. Rag1 Bd7 24. Nf2 Nef6 25. Qd3 g6 26. fxg6 Rxg6 27. Rxg6 fxg6 28. Qg3 Rg8 29. Bg4 Nh5 30. Bxh5 Qxh5 31. Ng4 Rf8 32. Kg2 Ng5 33. Rf1 Rf4 34. Ne2 Rxf1 35. Kxf1 Nxe4 36. Qg2 Bf5 37. Ke1 Kg7 38. Kd1 Qg5 39. Nc3 Nf6 40. Ke1 Bxg4 41. hxg4 Qc1+ 0-1

[Event "NOR-ch"]
[Site "Hamar"]
[Date "2007.07.08"]
[Round "2"]
[White "Gausel, Einar"]
[Black "Ekeberg, Carl Fredrik"]
[Result "1/2-1/2"]
[WhiteElo "2529"]
[BlackElo "2331"]
[PlyCount "82"]
[EventDate "2007.07.07"]
[EventType "swiss"]
[EventRounds "9"]
[EventCountry "NOR"]
[SourceTitle "CBM 119 Extra"]
[Source "ChessBase"]
[SourceDate "2007.09.04"]
[SourceVersion "1"]
[SourceVersionDate "2007.09.04"]
[SourceQuality "1"]

1. d4 Nf6 2. Nf3 e6 3. g3 d5 4. Bg2 Be7 5. 0-0 0-0 6. c4 dxc4 7. Qc2 a6 8. Qxc4 b5 9. Qc2 Bb7 10. Bf4 Nc6 11. Nbd2 Rc8 12. Nb3 Nb4 13. Qc1 Nd7 14. Nc5 Nxc5 15. dxc5 Qe8 16. Bd2 Nd5 17. Ne5 Ba8 18. Rd1 Nf6 19. Bxa8 Rxa8 20. Ba5 Rd8 21. Qc2 Rxd1+ 22. Rxd1 Qc8 23. Nc6 Re8 24. Nxe7+ Rxe7 25. c6 Re8 26. Bc3 e5 27. f3 Qe6 28. Ba5 Qxa2 29. Qd2 Qe6 30. Bxc7 Qxc6 31. Rc1 Qe6 32. e4 Rc8 33. Ba5 Rxc1+ 34. Qxc1 h6 35. Qc7 Nd7 36. Kg2 Kh7 37. h4 h5 38. Bb4 Nb6 39. Bc5 Na4 40. b4 Nb2 41. Qd8 Nc4 1/2-1/2

[Event "Olympiad-37"]
[Site "Turin"]
[Date "2006.05.23"]
[Round "3"]
[White "Gausel, Einar"]
[Black "Brittner, Serge"]
[Result "1-0"]
[WhiteElo "2509"]
[BlackElo "2325"]
[PlyCount "67"]
[EventDate "2006.05.21"]
[EventType "team-swiss"]
[EventRounds "13"]
[EventCountry "ITA"]
[SourceTitle "CBM 113"]
[Source "ChessBase"]
[SourceDate "2006.07.31"]
[SourceVersion "1"]
[SourceVersionDate "2006.07.31"]
[SourceQuality "1"]
[WhiteTeam "Norway"]
[BlackTeam "Luxembourg"]
[WhiteTeamCountry "NOR"]
[BlackTeamCountry "LUX"]

1. d4 e6 2. Nf3 Nf6 3. e3 c5 4. c4 b6 5. Nc3 cxd4 6. exd4 Bb7 7. Bd3 Be7 8. 0-0 d5 9. cxd5 Nxd5 10. Re1 0-0 11. a3 Nc6 12. Bc2 Nxc3 13. bxc3 Bf6 14. Qd3 g6 15. Bh6 Re8 16. Rad1 Rc8 17. h4 Ne7 18. Ba4 Bc6 19. Bxc6 Nxc6 20. Bg5 Bxg5 21. Nxg5 Kg7 22. Qf3 Qf6 23. Qg3 Red8 24. Ne4 Qe7 25. c4 Qc7 26. Qc3 f6 27. d5 Ne5 28. dxe6 Qxc4 29. Qxc4 Nxc4 30. a4 f5 31. Ng5 h6 32. Nf3 Kf6 33. Rc1 Ne5 34. e7 1-0

[Event "Olympiad-37"]
[Site "Turin"]
[Date "2006.05.22"]
[Round "2"]
[White "Gausel, Einar"]
[Black "Escobedo Tinajero, Alberto"]
[Result "1/2-1/2"]
[WhiteElo "2509"]
[BlackElo "2399"]
[PlyCount "60"]
[EventDate "2006.05.21"]
[EventType "team-swiss"]
[EventRounds "13"]
[EventCountry "ITA"]
[SourceTitle "CBM 113"]
[Source "ChessBase"]
[SourceDate "2006.07.31"]
[SourceVersion "1"]
[SourceVersionDate "2006.07.31"]
[SourceQuality "1"]
[WhiteTeam "Norway"]
[BlackTeam "Mexico"]
[WhiteTeamCountry "NOR"]
[BlackTeamCountry "MEX"]

1. Nf3 d5 2. g3 c5 3. c4 d4 4. b4 cxb4 5. a3 bxa3 6. Bxa3 Nc6 7. d3 e5 8. Bxf8 Kxf8 9. Bg2 g6 10. Nbd2 Nf6 11. 0-0 h6 12. Ra3 Kg7 13. Qa1 Re8 14. Rb1 Re7 15. Nb3 Qc7 16. Nfd2 Rb8 17. Nc5 b6 18. Na6 Bxa6 19. Rxa6 Na5 20. Qb2 Rbe8 21. Qb5 Nd7 22. Ra1 Nb8 23. R6xa5 bxa5 24. Rxa5 e4 25. Bxe4 Re5 26. c5 Nd7 27. Qa4 Nxc5 28. Rxa7 Nxa4 29. Rxc7 Nc3 30. Nf3 Nxe2+ 1/2-1/2

[Event "SWE-chT 0506"]
[Site "Sweden"]
[Date "2006.??.??"]
[Round "8"]
[White "Vernersson, Per"]
[Black "Gausel, Einar"]
[Result "0-1"]
[WhiteElo "2522"]
[BlackElo "2563"]
[PlyCount "70"]
[EventDate "2005.10.??"]
[EventType "team-tourn"]
[EventRounds "11"]
[EventCountry "SWE"]
[SourceTitle "EXT 2008"]
[Source "ChessBase"]
[SourceDate "2007.11.25"]
[SourceVersion "1"]
[SourceVersionDate "2007.11.25"]
[SourceQuality "1"]
[WhiteTeam "Eksjo"]
[BlackTeam "Skara"]
[WhiteTeamCountry "SWE"]
[BlackTeamCountry "SWE"]

1. Nf3 d5 2. c4 c6 3. d4 Nf6 4. Nc3 e6 5. e3 Nbd7 6. Qc2 Bd6 7. Be2 0-0 8. 0-0 dxc4 9. a4 a5 10. Bxc4 Qe7 11. h3 e5 12. Re1 e4 13. Nd2 Nb6 14. Bf1 Re8 15. Nc4 Nxc4 16. Bxc4 Bb8 17. Bf1 h5 18. f4 exf3 19. gxf3 Nd5 20. Nxd5 cxd5 21. Qf2 Qg5+ 22. Kh1 Bg3 23. Qg2 Qh4 24. Bd2 Bf5 25. Rec1 Re6 26. Rc5 Rg6 27. Rxd5 Be6 28. Rxa5 Rxa5 29. Bxa5 Bd6 30. Be1 Qf6 31. Qc2 Qxf3+ 32. Bg2 Qxe3 33. Qf2 Qb3 34. Bc3 Bd5 35. Rg1 Rg3 0-1

[Event "NOR-ch"]
[Site "Sandnes"]
[Date "2005.07.09"]
[Round "8"]
[White "Gausel, Einar"]
[Black "Byklum, Bjornar"]
[Result "1-0"]
[WhiteElo "2522"]
[BlackElo "2283"]
[PlyCount "69"]
[EventDate "2005.07.02"]
[EventType "swiss"]
[EventRounds "9"]
[EventCountry "NOR"]
[SourceTitle "CBM 107 Extra"]
[Source "ChessBase"]
[SourceDate "2005.09.01"]
[SourceVersion "1"]
[SourceVersionDate "2005.09.01"]
[SourceQuality "1"]

1. Nf3 Nf6 2. c4 c5 3. Nc3 e6 4. g3 Nc6 5. Bg2 Be7 6. 0-0 0-0 7. b3 d5 8. cxd5 exd5 9. d4 Re8 10. Bb2 Bg4 11. dxc5 Bxc5 12. Rc1 Bf8 13. h3 Be6 14. Nd4 Rc8 15. e3 h6 16. Nce2 Qd7 17. Nf4 Be7 18. Qd2 Ne4 19. Qe2 Bf6 20. Rcd1 Nxd4 21. Bxd4 Nc3 22. Bxc3 Rxc3 23. Bxd5 Qc7 24. Qb5 Re7 25. Bxe6 fxe6 26. Ng6 Rf7 27. Qe8+ Kh7 28. Nf8+ Rxf8 29. Qxf8 Rxe3 30. Qd6 Qxd6 31. Rxd6 Re2 32. a4 Re4 33. Rfd1 Kg6 34. R1d3 h5 35. Re3 1-0

[Event "NOR-ch"]
[Site "Sandnes"]
[Date "2005.07.03"]
[Round "2"]
[White "Gausel, Einar"]
[Black "Sahl, Bjarke"]
[Result "1/2-1/2"]
[WhiteElo "2522"]
[BlackElo "2391"]
[PlyCount "119"]
[EventDate "2005.07.02"]
[EventType "swiss"]
[EventRounds "9"]
[EventCountry "NOR"]
[SourceTitle "CBM 107 Extra"]
[Source "ChessBase"]
[SourceDate "2005.09.01"]
[SourceVersion "1"]
[SourceVersionDate "2005.09.01"]
[SourceQuality "1"]

1. Nf3 Nf6 2. c4 c5 3. e3 e6 4. d4 d5 5. a3 a6 6. dxc5 Bxc5 7. b4 Bd6 8. Bb2 0-0 9. Nc3 Nc6 10. Rc1 Ne5 11. cxd5 exd5 12. Be2 Be6 13. Na4 Nc4 14. Bxf6 gxf6 15. 0-0 b5 16. Nc5 Qe7 17. Nd4 Kh8 18. Ncxe6 fxe6 19. Rc3 Rac8 20. g3 f5 21. Bf3 Be5 22. Rb3 Bg7 23. Bg2 e5 24. Nf3 d4 25. exd4 e4 26. Nh4 Rcd8 27. Bh3 Rd5 28. Qh5 Qf7 29. Qxf7 Rxf7 30. Rd1 Nd6 31. Rbb1 Nc4 32. Rb3 Nd6 33. Rb2 Rc7 34. Rbd2 Rc3 35. Ng2 Nc4 36. Nf4 Nxd2 37. Nxd5 Rd3 38. Kg2 Rxd4 39. Nc7 Nc4 40. Rxd4 Bxd4 41. Nxa6 Nd6 42. Nc5 Bc3 43. f3 Kg7 44. fxe4 fxe4 45. Bd7 Kf6 46. Bxb5 Nxb5 47. Nxe4+ Kf5 48. Nxc3 Nxc3 49. Kf3 h5 50. h3 Kg5 51. Ke3 Nb5 52. a4 Nc3 53. a5 Nd5+ 54. Kd4 Nxb4 55. Kc5 Na6+ 56. Kb5 Nc7+ 57. Kb6 Nd5+ 58. Kb7 Nb4 59. a6 Nxa6 60. Kxa6 1/2-1/2